Mixed Blood = Hun xue /
Mixed blood = 混血 /
| Main Author: | |
|---|---|
| Format: | Book |
| Language: | English Chinese |
| Language Notes: | In English and Chinese. |
| Published: |
[China?] :
[publisher not identified],
[2014]
|
| Edition: | First edition. |
| Subjects: |
MARC
| Tag | First Indicator | Second Indicator | Subfields |
|---|---|---|---|
| LEADER | 00000cam a2200000 i 4500 | ||
| 001 | in00003908856 | ||
| 005 | 20180214132946.0 | ||
| 008 | 151229t20142014cc a bc 000 0 eng d | ||
| 010 | |a 2014908998 | ||
| 020 | |a 9780692220917 | ||
| 020 | |a 0692220917 | ||
| 035 | |a (OCoLC)ocn911059975 | ||
| 035 | |a (OCoLC)911059975 | ||
| 040 | |a HLS |b eng |e rda |c DLC |d HLS |d NMWMA |d SMI |d OCLCO |d OCLCQ |d TXA |d UtOrBLW | ||
| 041 | 0 | |a eng |a chi | |
| 042 | |a lccopycat | ||
| 043 | |a n-us-ny |a a-cc-pe | ||
| 049 | |a TXAM | ||
| 050 | 0 | 0 | |a TR647 |b .C935 2014 |
| 100 | 1 | |a CYJO, |d 1974- |e author, |e photographer, |e editor. |0 http://id.loc.gov/authorities/names/no2012012477 | |
| 245 | 1 | 0 | |6 880-01 |a Mixed Blood = |b Hun xue / |c creator, photographer, editor CYJO. |
| 246 | 3 | 1 | |6 880-02 |a Hun xue |
| 250 | |a First edition. | ||
| 264 | 1 | |a [China?] : |b [publisher not identified], |c [2014] | |
| 264 | 3 | |6 880-03 |a China : |b Printed by Artron | |
| 264 | 4 | |c ©2014 | |
| 300 | |a 269 pages, 1 unnumbered page : |b color illustrations ; |c 27 cm | ||
| 336 | |a still image |b sti |2 rdacontent | ||
| 336 | |a text |b txt |2 rdacontent | ||
| 337 | |a unmediated |b n |2 rdamedia | ||
| 338 | |a volume |b nc |2 rdacarrier | ||
| 500 | |a Catalog of an exhibition held at the Beijing and other cities of China, in 2014. | ||
| 500 | |a "This book is published on the occasion of the traveling exhibition in China. Mixed Blood, sponsored by the United States Embassy in Beijing"--Page of Credits and acknowledgements. | ||
| 546 | |a In English and Chinese. | ||
| 504 | |a Includes bibliographical references. | ||
| 600 | 1 | 0 | |a CYJO, |d 1974- |v Exhibitions. |
| 650 | 0 | |a Photography, Artistic |v Exhibitions. |0 http://id.loc.gov/authorities/subjects/sh2008108790 | |
| 650 | 0 | |a Racially mixed families |z New York (State) |z New York |v Pictorial works. | |
| 650 | 0 | |a Racially mixed children |z New York (State) |z New York |v Pictorial works. | |
| 650 | 0 | |a Racially mixed families |z China |z Beijing |v Pictorial works. | |
| 650 | 0 | |a Racially mixed children |z China |z Beijing |v Pictorial works. | |
| 710 | 1 | |a United States. |b Embassy (China), |e sponsor. |0 http://id.loc.gov/authorities/names/n85075248 | |
| 880 | 1 | 0 | |6 245-01 |a Mixed blood = |b 混血 / |c creator, photographer, editor CYJO. |
| 880 | 3 | 1 | |6 246-02 |a 混血 |
| 880 | 3 | |6 264-03 |a China : |b 中国雅昌文化集团 | |
| 994 | |a C0 |b TXA | ||
| 948 | |a cataloged |b h |c 2017/10/27 |d c |e nbehmer |f 2:31:00 pm | ||
| 999 | f | f | |s 6d6b8e9a-e63f-3205-9c3d-e189f39192e0 |i cb08737a-cfe1-3b10-9b0b-dd1bfd5d0375 |t 0 |
| 952 | f | f | |p normal |a Texas A&M University |b College Station |c Sterling C. Evans Library |d Evans: Library Stacks |t 0 |e TR647 .C935 2014 |h Library of Congress classification |i unmediated -- volume |m A14850330243 |
| 998 | f | f | |a TR647 .C935 2014 |t 0 |l Evans: Library Stacks |